Colombia y Venezuela: Ponencias regionales en la crisis de endeudamiento externo

Kaydedildi:
Detaylı Bibliyografya
Yazar: Pardo, Rodrigo
Materyal Türü: Metin
Dil:Spanish
Baskı/Yayın Bilgisi: San José: CSUCA
Konular:
Etiketler: Etiketle
Etiket eklenmemiş, İlk siz ekleyin!

MARC

LEADER 00000 a a2200000 04500
001 14065
003 cru CIDCACS/IIS
005 20231128090946.0
008 231128b |||||||| |||| 00| 0 spa d
040 |c cru CIDCACS/IIS 
090 |a 11.03.01 P226c 
100 |a Pardo, Rodrigo  
245 |a Colombia y Venezuela: Ponencias regionales en la crisis de endeudamiento externo  
260 |a San José:   |b CSUCA  
300 |a 36 p  
650 |a DEUDA EXTERNA  
942 |2 z  |c LI  |h 11.03.01 P226c  |i 03321  |6 110301_P226C_03321 
999 |c 14140  |d 14140